The digital transformation playbook: rethink your business for the digital age
Uloženo v:
| Hlavní autor: | |
|---|---|
| Médium: | Kniha |
| Jazyk: | angličtina |
| Vydáno: |
Nueva York
Columbia University Press
2016
|
| Vydání: | 1a. ed |
| Témata: | |
| Tagy: |
Přidat tag
Žádné tagy, Buďte první, kdo vytvoří štítek k tomuto záznamu!
|
MARC
| LEADER | 00000cam a2200000 a 4500 | ||
|---|---|---|---|
| 001 | UCC5229 | ||
| 003 | CL-VaPUC | ||
| 005 | 20231214161409.0 | ||
| 008 | 180927e20160000us |||||||||||||||||eng|d | ||
| 999 | |c 372486 |d 372484 | ||
| 020 | |a 9780231175449 | ||
| 040 | |c Pontificia Universidad Católica de Valparaíso | ||
| 082 | 0 | 4 | |a 658.4062 |b ROG |2 21 |
| 100 | 0 | |a Rogers, David L |e author |9 599517 | |
| 245 | 1 | 4 | |a The digital transformation playbook: rethink your business for the digital age |
| 250 | |a 1a. ed | ||
| 260 | |a Nueva York |b Columbia University Press |c 2016 | ||
| 300 | |a 278 p | ||
| 583 | |a last modification |c 20180927 22:58:00 |k Rodrigo Vera | ||
| 650 | 0 | |a Innovaciones tecnológicas |2 CL-VaPUC |9 259728 | |
| 650 | 0 | |a Planificación estratégica |9 259735 | |
| 650 | 0 | |a Gestión de empresas |2 CL-VaPUC |9 886521 |x Proceso de datos | |
| 650 | 0 | |a Consumidores |9 315658 | |
| 942 | |c BK |2 ddc | ||
| 945 | |d 20180927 22:58:00 |a dcastane | ||
| 952 | |0 0 |1 0 |2 ddc |3 erd |4 0 |6 658_406200000000000_ROG_2016 |7 0 |8 R |9 490162 |a BIBENE |b BIBENE |c RES |i 5504120 |o 658.4062 ROG 2016 |p 5504120 |r 2025-01-15 |w 2019-11-24 |y BK_R |z Catalogado en:20180927 |k ICO | ||